• 首页
  • 本馆介绍
  • 公告通知
  • 最新文献
  • 馆藏检索
  • 电子资源
  • 读者导购
  • 参考咨询
  • 我的图书馆
  • 登录
  • 详细信息显示
  • 放入我的书架
  • 预约/预借图书
  • 作者相关作品
  • 分类相关作品
  • 丛书相关作品
  • 出版社相关作品

书目信息

  • 表格格式
  • 工作单格式
  • 卡片格式
题名:
旅大工人画选
    
 
作者: ;旅大市文学艺术馆 编
分册:  
出版信息: 北京   人民美术出版社  1973
页数: 49页
开本: 18cm
丛书名:
单 册:
中图分类: J221.31 , J22
科图分类:
主题词: 绘画--旅大市--现代--画册
电子资源:
ISBN:
000 00637nam0 2200229 450
001 1555539228
005 20150131153253.84
010    @dCNY0.58
091    @a8027.5685@d¥0.58
100    @a19950928d1973 em y0chiy0110 ea
101 0  @achi
102    @aCN@b110000
105    @aa z 000yy
200 1  @a旅大工人画选@9lv da gong ren hua xuan@f旅大市文学艺术馆编
210    @a北京@c人民美术出版社@d1973
215    @a49页@d18cm
606 0  @a绘画@y旅大市@z现代@x画册
690    @aJ221.31@v5
690    @aJ22@v4
711 02 @a旅大市文学艺术馆@9lv da shi wen xue yi shu guan@4编
801  0 @aCN@bTSSF@c20150131
905    @aZUCC@dJ22@eJY84
    
    旅大工人画选/旅大市文学艺术馆编.-北京:人民美术出版社,1973
    49页;18cm
    
    
    ISBN :CNY0.58
    
●
相关链接 在E读中查询图书 在五车中查询图书 在当当中查询图书 在豆瓣中查询图书


正题名:旅大工人画选     索取号:J22/JY84         预约/预借

序号 登录号 条形码 馆藏地/架位号 状态 备注
1 7861710   278617105   学院路分馆/ [索取号:J22/JY84] 在馆    
2 7861720   278617203   学院路分馆/ [索取号:J22/JY84] 在馆    
唐山师范学院图书馆 欢迎您!
大连网信软件有限公司© 版权所有